| 000 | 01004nam a2200241 a 4500 | ||
|---|---|---|---|
| 001 | 000000583 | ||
| 005 | 20251017124518.0 | ||
| 008 | 081212s2002 dr r 000 0 spa d | ||
| 020 | _a9993461393 | ||
| 040 |
_aDO-SdBNP _bspa _cBNPHU |
||
| 082 |
_a155.672 _bA185v |
||
| 100 | 1 |
_aAcosta, Pedro _9463 |
|
| 245 | 1 | 0 |
_aVisualizando un futuro : _bcurso de preparación para el retiro / _cPedro Acosta ; prólogo Vicente Vargas. |
| 260 |
_aSanto Domingo : _bBúho, _c2002. |
||
| 300 |
_a96 p. ; _c22 cm. |
||
| 505 | 0 |
_tAgradecimiento -- _tPrólogo / _rVicente Vargas -- _tIntroducción -- _tUna experiencia personal -- _tInducción a la Tercera Edad -- _tFamilia y sociedad -- _tTiempo y dinero -- _tSalud y bienestar -- _tConclusiones y recomendaciones. |
|
| 590 | _aInventariado, 2018/LP | ||
| 650 | 4 |
_aJubilación _xAspectos psicológicos _91910 |
|
| 650 | 4 |
_aVejez _xAspectos sociales _91911 |
|
| 650 | 0 |
_aSalud mental _9803 |
|
| 700 | 1 |
_aVargas, Vicente, _epról. _91912 |
|
| 910 | _aValidado. Control de calidad. EMS | ||
| 999 |
_c581 _d581 |
||